| 000 | 01177nam a2200373 i 4500 | ||
|---|---|---|---|
| 001 | 30610 | ||
| 003 | KOSZ 005 | ||
| 005 | 20220127090253.0 | ||
| 008 | 970510s1994 pl a f f |000 0 pol | ||
| 015 | _aPB 1995/12686 | ||
| 020 | _a8301100907 | ||
| 040 |
_aWA N _cWA N _dKOSZ 005/HR |
||
| 046 | _k1991 | ||
| 080 | _a612.8:591.1:007 | ||
| 080 | _a(075.8) | ||
| 100 | 1 |
_aTadeusiewicz, Ryszard _d(1947- ) _eAutor |
|
| 245 | 1 | 0 |
_aProblemy biocybernetyki / _cRyszard Tadeusiewicz. |
| 250 | _aWyd. 2. | ||
| 260 |
_aWarszawa : _bWydaw. Naukowe PWN, _c1994. |
||
| 300 |
_a191, [1] s. : _bfot., rys., wykr. ; _c24 cm. |
||
| 504 | _aBibliogr. s. 167-185. | ||
| 650 | 4 | _aModele | |
| 650 | 4 | _aUkład nerwowy | |
| 655 | 4 | _aPodręczniki akademickie | |
| 658 | _aInżynieria i technika | ||
| 658 | _aMedycyna i zdrowie | ||
| 658 | _aBiologia | ||
| 650 | 4 | _aZastosowanie i wykorzystanie | |
| 650 | 4 | _aBiologia | |
| 650 | 4 | _aBiocybernetyka | |
| 710 | 2 |
_aWydawnictwo Naukowe PWN _4pbl. |
|
| 856 |
_uhttp://koha.tu.koszalin.pl/cgi-bin/koha/opac-detail.pl?biblionumber=30610 _zKatalog online BPK |
||
| 942 |
_2UKD _cKS |
||
| 999 |
_c30610 _d30610 |
||